2022 Top NCAA Football QB Recruits - Statistics

General Stats
  • This quiz has been taken 52 times
  • The average score is 4 of 15
Answer Stats
School Rank Answer % Correct
Penn State 3rd Drew Allar
86%
Clemson 13th Cade Klubnik
76%
Texas A&M 22nd Conner Weigman
50%
Alabama 29th Ty Simpson
48%
Ohio State 44th Devin Brown
38%
Georgia 110th Gunner Stockton
33%
Texas 195th Maalik Murphy
24%
LSU 91st Walker Howard
21%
Oklahoma 137th Nick Evers
14%
Florida State 236th AJ Duffy
12%
Tennessee 235th Tayven Jackson
12%
Michigan St 223rd Katin Houser
10%
Missouri N/A Sam Horn
10%
Purdue 221st Brady Allen
7%
Auburn 240th Holden Geriner
5%
No matching quizzes found
Score Distribution
Percent of People with Each Score
Percentile by Number Answered
Your Score History
You have not taken this quiz